Interaction phenomena of nonlinear waves in unmagnetized plasmas / (Record no. 82913)
[ view plain ]
| 000 -LEADER | |
|---|---|
| fixed length control field | 01074nam a22002537a 4500 |
| 001 - CONTROL NUMBER | |
| RUCL Control Number | 82913 |
| 003 - CONTROL NUMBER IDENTIFIER | |
| rucl marc code | BD-RjUL |
| 005 - DATE AND TIME OF LATEST TRANSACTION | |
| control field | 20240201153649.0 |
| 008 - FIXED-LENGTH DATA ELEMENTS--GENERAL INFORMATION | |
| fixed length control field | 240201s2019 bg a|||| m||| 00| 0 eng d |
| 035 ## - SYSTEM CONTROL NUMBER | |
| system control number | (BD-RjUL)82913 |
| 040 ## - CATALOGING SOURCE | |
| Original cataloging agency | BD-RjUL |
| Language of cataloging | eng |
| Transcribing agency | BD-RjUL |
| Modifying agency | BD-RjUL |
| 041 ## - LANGUAGE CODE | |
| Language code of Book | eng |
| 082 ## - DEWEY DECIMAL CLASSIFICATION NUMBER | |
| DDC Edition number | 23 |
| Classification number | 531.1133 |
| Author mark and Year | ALI 2019 |
| 100 ## - MAIN ENTRY--PERSONAL NAME | |
| Personal name | Alam, Mohammad. Shah |
| 9 (RLIN) | 11365 |
| 245 10 - TITLE STATEMENT | |
| Title | Interaction phenomena of nonlinear waves in unmagnetized plasmas / |
| Statement of responsibility, etc | Mohammad. Shah Alam ; |
| Name of Supervisor/Co-Supervisor | Principal Supervisor : Mamunur, Rashid Talukder, Co-Supervisor : M. Hossain Ali |
| 260 ## - PUBLICATION, DISTRIBUTION, ETC. (IMPRINT) | |
| Place of publication, distribution, etc | Rajshahi : |
| Name of publisher, distributor, etc | Department of Applied Mathematics Faculty of Science, University of Rajshahi, |
| Date of publication, distribution, etc | 2019 |
| 300 ## - PHYSICAL DESCRIPTION | |
| Pagination | viii, 155 leaves : |
| Other physical details | ill, ; |
| Dimensions | 29.cm. |
| 502 ## - DISSERTATION NOTE | |
| Dissertation note | Thesis (Ph. D.) -- Department of Applied Mathematics Faculty of Science, University of Rajshahi, 2019 |
| 504 ## - BIBLIOGRAPHY, ETC. NOTE | |
| Bibliography, etc | References : Leaves 117 - 120 |
| 650 ## - SUBJECT ADDED ENTRY--TOPICAL TERM | |
| Topical term or geographic name as entry element | waves |
| Form subdivision | Classical mechanics |
| 9 (RLIN) | 11366 |
| 700 ## - ADDED ENTRY--SUPERVISOR/CO-SUPERVISOR NAME | |
| Personal name | Talukder, Mamunur, Rashid, Principal Supervisor |
| 9 (RLIN) | 10637 |
| Personal name | Ali, M. Hossain, Co-Supervisor |
| 9 (RLIN) | 11367 |
| 942 ## - ADDED ENTRY ELEMENTS (KOHA) | |
| Source of classification or shelving scheme | Dewey Decimal Classification |
| Koha item type | Theses |
| Source of classification or shelving scheme | Damaged status | Not for loan | Collection code | Permanent Location | Current Location | Shelving location | Date of accession | Source of acquisition | Total Checkouts | Full call number | Barcode | Date last seen | Copy number | Thesis |
|---|---|---|---|---|---|---|---|---|---|---|---|---|---|---|
| Dewey Decimal Classification | Not For Loan | Theses | Central Library, University of Rajshahi | Central Library, University of Rajshahi | Documentation Section | 18/01/2021 | Controller of Exam. R. U. | THE 531.1133 ALI 2019 | D4588 | 01/02/2024 | C-1 | Theses |